000 00496nam a2200157Ia 4500
008 160316s2004 xxu||||| |||| 00| 0 eng d
082 _a344.046000
_bCUL
100 _aCullet Philippe
245 _aKey materials in international environmental law
250 _a
260 _aAldershot
_bAshgate Publishing Ltd
_c2004
300 _a643p
_b
_cxix
365 _b Rs.5,990
650 _a1. Environmental Law - Key Materials 2. International Environmental Law
700 _aGowlland-Gualtieri Alix
_a
999 _c22245
_d22245